000 00885nam a2200217 i 4500
001 131749
003 ES-MaACL
005 20240616063030.0
007 t|
008 070214s1982 sp r ||||1| spa d
100 1 _aRodríguez Llopis, Miguel,
_d1958-2002
_998604
245 1 0 _aConflictos fronterizos y dependencia señorial
_b: la encomienda santiaguista de Yeste y Taibilla : (ss. XIII-XV) /
_cMiguel Rodríguez Llopis.
260 _aAlbacete :
_bInstituto de Estudios Albacetenses,
_c1982.
300 _a173 p. :
_bil. ;
_c24 cm +
_emap.
490 1 _aSerie I : Ensayos históricos y científicos ;
_v9
610 2 4 _aOrden de Santiago-
_zAlbacete.
_9157793
710 2 _aInstituto de Estudios Albacetenses.
_94884
830 0 _aSerie I : Ensayos históricos y científicos ;
_v9
_9179816
852 _aES-MaACL
_jL-2573
_bR.103370
999 _c131749
_d131749